[Event "IECG CP.2000.P.00018"]
[Site "IECG email"]
[Date "2000.10.01"]
[Round "?"]
[White "Parra, Christian"]
[Black "Patterson, Stephen J"]
[Result "1-0"]
[WhiteElo "2150"]
[BlackElo "1192"]
[PlyCount "35"]
[EventDate "2000.10.01"]
[EventType "tourn (corr)"]
[EventRounds "6"]
[EventCountry "ENG"]
[SourceTitle "Corr 2008"]
[Source "ChessBase"]
[SourceDate "2008.06.24"]
[SourceVersion "1"]
[SourceVersionDate "2008.06.24"]
[SourceQuality "1"]

1. e4 c6 2. d4 d5 3. e5 Bf5 4. Nd2 e6 5. Nb3 Nd7 6. Nf3 c5 7. dxc5 Bxc5 8. Nxc5 Nxc5 9. Bb5+ Nd7 10. Nd4 Ne7 11. 0-0 0-0 12. g4 Bg6 13. f4 Be4 14. Be3 Nc5 15. Qd2 Qb6 16. b4 Nb3 17. axb3 Qxd4 18. Bxd4 1-0

[Event "IECG CP.2000.P.00018"]
[Site "IECG email"]
[Date "2000.10.01"]
[Round "?"]
[White "Patterson, Stephen J"]
[Black "McGahan, Paul"]
[Result "0-1"]
[WhiteElo "1192"]
[BlackElo "1943"]
[PlyCount "26"]
[EventDate "2000.10.01"]
[EventType "tourn (corr)"]
[EventRounds "6"]
[EventCountry "ENG"]
[SourceTitle "Corr 2008"]
[Source "ChessBase"]
[SourceDate "2008.06.24"]
[SourceVersion "1"]
[SourceVersionDate "2008.06.24"]
[SourceQuality "1"]

1. e4 e5 2. f4 exf4 3. Nf3 d6 4. Bc4 h6 5. h4 Nf6 6. Nc3 c6 7. d4 Qe7 8. Qd3 d5 9. e5 dxc4 10. Qxc4 Nh5 11. Ne4 Qb4+ 12. Qxb4 Bxb4+ 13. c3 Bf5 0-1

[Event "IECC CL5-2000.06"]
[Site "IECC email"]
[Date "1999.12.18"]
[Round "?"]
[White "Patterson, Stephen J"]
[Black "Kunakov, Oleg"]
[Result "0-1"]
[WhiteElo "1383"]
[BlackElo "1495"]
[PlyCount "46"]
[EventDate "2000.??.??"]
[EventType "tourn (corr)"]
[EventRounds "4"]
[SourceTitle "Corr 2008"]
[Source "ChessBase"]
[SourceDate "2008.06.24"]
[SourceVersion "1"]
[SourceVersionDate "2008.06.24"]
[SourceQuality "1"]

1. c4 e5 2. Nc3 Nf6 3. Nf3 Nc6 4. e3 Be7 5. Be2 0-0 6. 0-0 d5 7. cxd5 Nxd5 8. Qc2 Be6 9. a3 Bf6 10. Ne4 Be7 11. b3 f5 12. Ng3 e4 13. Ne1 Bf6 14. Bb2 Bxb2 15. Qxb2 Qf6 16. Qxf6 Nxf6 17. Rb1 Na5 18. Bd1 Rad8 19. Rb2 Rd6 20. f3 Rb6 21. fxe4 Nxe4 22. Rf4 g5 23. Rf3 Nc4 0-1

[Event "IECC Y2KO email"]
[Site "IECC email"]
[Date "1999.10.14"]
[Round "?"]
[White "Patterson, Stephen J"]
[Black "Berry, Ed"]
[Result "0-1"]
[WhiteElo "1355"]
[BlackElo "1986"]
[PlyCount "64"]
[EventDate "1999.??.??"]
[EventType "tourn (corr)"]
[EventRounds "2"]
[SourceTitle "Corr 2008"]
[Source "ChessBase"]
[SourceDate "2008.06.24"]
[SourceVersion "1"]
[SourceVersionDate "2008.06.24"]
[SourceQuality "1"]

1. c4 c5 2. Nc3 e6 3. Nf3 d5 4. cxd5 exd5 5. d4 Nf6 6. Bf4 Nc6 7. e3 c4 8. a3 Qb6 9. Qd2 Na5 10. Na4 Qd8 11. Qc2 Nb3 12. Rd1 Qa5+ 13. Nc3 Ne4 14. Bxc4 Nxc3 15. Bxb3 Nxd1+ 16. Kxd1 Be6 17. Bc7 Qa6 18. e4 dxe4 19. Qxe4 Rc8 20. d5 Rxc7 21. dxe6 f6 22. Ba4+ b5 23. Qa8+ Ke7 24. Bb3 b4 25. a4 Qd3+ 26. Nd2 g6 27. f4 Bg7 28. Qd5 Qxd5 29. Bxd5 Rd8 30. Bf3 f5 31. Ke2 Rc2 32. Rd1 Bxb2 0-1

[Event "IECG CP.1999.P.00089"]
[Site "IECG email"]
[Date "1999.10.01"]
[Round "?"]
[White "Bandiera, Aurelio"]
[Black "Patterson, Stephen J"]
[Result "1-0"]
[WhiteElo "1779"]
[BlackElo "1201"]
[PlyCount "39"]
[EventDate "1999.10.01"]
[EventType "tourn (corr)"]
[EventRounds "6"]
[EventCountry "RUS"]
[SourceTitle "Corr 2008"]
[Source "ChessBase"]
[SourceDate "2008.06.24"]
[SourceVersion "1"]
[SourceVersionDate "2008.06.24"]
[SourceQuality "1"]

1. d4 Nf6 2. Nf3 e6 3. Bf4 c5 4. c3 Nc6 5. e3 d5 6. Nbd2 cxd4 7. exd4 Be7 8. Bd3 0-0 9. Ne5 Nxe5 10. dxe5 Nd7 11. Nf3 Qb6 12. Rb1 Bc5 13. Bxh7+ Kxh7 14. Ng5+ Kg6 15. Qd3+ f5 16. Qh3 Bxf2+ 17. Kd1 Nxe5 18. Bxe5 Kxg5 19. Qh7 f4 20. h4+ 1-0

[Event "IECG CP.1999.P.00089"]
[Site "IECG email"]
[Date "1999.10.01"]
[Round "?"]
[White "Patterson, Stephen J"]
[Black "Martjukhin, Viktor"]
[Result "0-1"]
[WhiteElo "1201"]
[BlackElo "2116"]
[PlyCount "52"]
[EventDate "1999.10.01"]
[EventType "tourn (corr)"]
[EventRounds "6"]
[EventCountry "RUS"]
[SourceTitle "Corr 2008"]
[Source "ChessBase"]
[SourceDate "2008.06.24"]
[SourceVersion "1"]
[SourceVersionDate "2008.06.24"]
[SourceQuality "1"]

1. c4 Nf6 2. d4 g6 3. Nc3 Bg7 4. e4 d6 5. Bg5 h6 6. Bh4 c5 7. e5 Nh5 8. exd6 Qxd6 9. Nf3 g5 10. Bg3 Nxg3 11. fxg3 cxd4 12. Nb5 Qc5 13. Bd3 a6 14. Na3 Qb4+ 15. Qd2 Nc6 16. 0-0 Qxd2 17. Nxd2 Nb4 18. Bf5 Bxf5 19. Rxf5 d3 20. Raf1 Bd4+ 21. Kh1 Bxb2 22. Nab1 0-0 23. a3 Nc2 24. Rd5 Ne3 25. Rxd3 Nxf1 26. Nxf1 Rad8 0-1

[Event "IECC KO email"]
[Site "IECC email"]
[Date "1999.08.23"]
[Round "?"]
[White "Arnold, Lee"]
[Black "Patterson, Stephen J"]
[Result "1-0"]
[WhiteElo "1653"]
[BlackElo "1371"]
[PlyCount "145"]
[EventDate "1999.??.??"]
[EventType "tourn (corr)"]
[EventRounds "6"]
[SourceTitle "Corr 2008"]
[Source "ChessBase"]
[SourceDate "2008.06.24"]
[SourceVersion "1"]
[SourceVersionDate "2008.06.24"]
[SourceQuality "1"]

1. e4 c6 2. d3 d5 3. Nd2 e5 4. Ngf3 Bd6 5. g3 Nf6 6. Bg2 0-0 7. 0-0 Bg4 8. c4 d4 9. Nb3 Nbd7 10. h3 Bh5 11. g4 Bg6 12. Nh4 Ne8 13. g5 Nc7 14. Qg4 Ne6 15. Nxg6 hxg6 16. Bd2 Qe8 17. Bf3 Ndc5 18. Nxc5 Nxc5 19. Be2 Ne6 20. b4 b6 21. a3 f5 22. Qg2 f4 23. Qg4 c5 24. Rab1 Qe7 25. h4 Kf7 26. bxc5 Nxc5 27. h5 Qe6 28. hxg6+ Qxg6 29. Bb4 Rad8 30. Bxc5 Bxc5 31. a4 Be7 32. Rb5 Bc5 33. Ra1 Rh8 34. a5 Qh7 35. Qf5+ Kg8 36. Qxh7+ Kxh7 37. Bg4 Kg6 38. axb6 axb6 39. Ra7 Ra8 40. Bf5+ Kxg5 41. Rxg7+ Kf6 42. Rg6+ Kf7 43. Rg5 Ra3 44. Bg4 Rh4 45. Rb1 Rxd3 46. Bc8 Rc3 47. Rf5+ Kg6 48. Rxe5 Rxc4 49. Bf5+ Kg7 50. Ra1 f3 51. Re6 d3 52. Rg6+ Kf7 53. e5 Ra4 54. Rf6+ Ke7 55. Rxa4 Rxa4 56. Bxd3 Ra1+ 57. Bf1 Re1 58. Rxf3 Rxe5 59. Kg2 Bd4 60. Rf4 Bc3 61. Rc4 Rg5+ 62. Kf3 Bg7 63. Rb4 Rg6 64. Bd3 Rd6 65. Ke3 Bf8 66. Rb5 Re6+ 67. Be4 Kf6 68. Rf5+ Kg7 69. Kd4 Bc5+ 70. Kd5 Re7 71. f3 Be3 72. Kd6 Re5 73. Rxe5 1-0

[Event "IECC KO email"]
[Site "IECC email"]
[Date "1999.08.23"]
[Round "?"]
[White "Patterson, Stephen J"]
[Black "Arnold, Lee"]
[Result "0-1"]
[WhiteElo "1375"]
[BlackElo "1567"]
[PlyCount "54"]
[EventDate "1999.??.??"]
[EventType "tourn (corr)"]
[EventRounds "6"]
[SourceTitle "Corr 2008"]
[Source "ChessBase"]
[SourceDate "2008.06.24"]
[SourceVersion "1"]
[SourceVersionDate "2008.06.24"]
[SourceQuality "1"]

1. e4 e5 2. f4 exf4 3. Nf3 g5 4. h3 Bh6 5. d4 Nf6 6. Nc3 d5 7. exd5 0-0 8. Be2 Nxd5 9. Nxd5 Qxd5 10. c4 Qd8 11. 0-0 Bg7 12. b3 Re8 13. Bb2 c5 14. Qd2 cxd4 15. Rfe1 Nc6 16. Rad1 Bf5 17. Kh1 Re6 18. c5 Qe7 19. Ba3 g4 20. hxg4 Bxg4 21. Kg1 Re3 22. Kf1 d3 23. Bxd3 Bxf3 24. gxf3 Rxf3+ 25. Kg2 Rg3+ 26. Kf1 Qh4 27. Be4 f3 0-1

[Event "IECC CL5-1999.19"]
[Site "IECC email"]
[Date "1999.07.12"]
[Round "?"]
[White "Patterson, Stephen J"]
[Black "Attardi, Ubaldo"]
[Result "1-0"]
[WhiteElo "1349"]
[BlackElo "1464"]
[PlyCount "89"]
[EventDate "1999.??.??"]
[EventType "tourn (corr)"]
[EventRounds "4"]
[SourceTitle "Corr 2008"]
[Source "ChessBase"]
[SourceDate "2008.06.24"]
[SourceVersion "1"]
[SourceVersionDate "2008.06.24"]
[SourceQuality "1"]

1. d4 d5 2. c4 Nf6 3. Nc3 Bf5 4. Bf4 e6 5. c5 Be7 6. Nb5 Na6 7. Nc3 0-0 8. e3 c6 9. Bxa6 bxa6 10. Nf3 Ng4 11. h3 Nf6 12. 0-0 Qd7 13. Ne5 Qb7 14. b3 Ne4 15. Nxe4 Bxe4 16. f3 Bf5 17. g4 Bg6 18. Kg2 h5 19. Nxg6 fxg6 20. Qd3 g5 21. Be5 Bf6 22. Bd6 Rfe8 23. f4 gxf4 24. exf4 Qf7 25. g5 Be7 26. Bxe7 Rxe7 27. Qxa6 Rf8 28. Qxc6 h4 29. Qd6 g6 30. Qe5 a5 31. a3 Qf5 32. Qe2 Ref7 33. Rae1 Re8 34. b4 axb4 35. axb4 Rb8 36. b5 Rff8 37. b6 Rb7 38. Qxe6+ Qxe6 39. Rxe6 Kg7 40. Kf3 Rbf7 41. Kg4 Ra8 42. Rd6 Rf5 43. Rd7+ Kg8 44. b7 Rb8 45. c6 1-0

[Event "IECC KO email"]
[Site "IECC email"]
[Date "1999.06.06"]
[Round "?"]
[White "Beland, Stephane"]
[Black "Patterson, Stephen J"]
[Result "1-0"]
[WhiteElo "1325"]
[BlackElo "1366"]
[PlyCount "55"]
[EventDate "1999.??.??"]
[EventType "tourn (corr)"]
[EventRounds "6"]
[SourceTitle "Corr 2008"]
[Source "ChessBase"]
[SourceDate "2008.06.24"]
[SourceVersion "1"]
[SourceVersionDate "2008.06.24"]
[SourceQuality "1"]

1. e4 c6 2. d4 d5 3. Nd2 dxe4 4. Nxe4 Bf5 5. Ng3 Bg6 6. h4 h6 7. Nf3 Nd7 8. h5 Bh7 9. Bd3 Bxd3 10. Qxd3 Ngf6 11. Bd2 e6 12. 0-0-0 Nd5 13. c4 Nb4 14. Bxb4 Bxb4 15. Qb3 Qb6 16. c5 Qb5 17. Ne4 0-0 18. Nd6 Nxc5 19. dxc5 Qxc5+ 20. Kb1 Qb6 21. Nc4 Qb5 22. Nd4 Qc5 23. Nc2 Ba5 24. Nxa5 Qxa5 25. Qxb7 c5 26. Rd7 Rfb8 27. Qf3 Rf8 28. Rxf7 1-0

[Event "IECC KO email"]
[Site "IECC email"]
[Date "1999.06.06"]
[Round "?"]
[White "Patterson, Stephen J"]
[Black "Beland, Stephane"]
[Result "0-1"]
[WhiteElo "1386"]
[BlackElo "1305"]
[PlyCount "56"]
[EventDate "1999.??.??"]
[EventType "tourn (corr)"]
[EventRounds "6"]
[SourceTitle "Corr 2008"]
[Source "ChessBase"]
[SourceDate "2008.06.24"]
[SourceVersion "1"]
[SourceVersionDate "2008.06.24"]
[SourceQuality "1"]

1. c4 Nf6 2. d4 c5 3. d5 e6 4. Nc3 exd5 5. cxd5 d6 6. e4 g6 7. Be2 Bg7 8. Nf3 0-0 9. 0-0 Na6 10. Bf4 Nc7 11. Qd3 Nh5 12. Bd2 f5 13. Ng5 fxe4 14. Ngxe4 Nf4 15. Bxf4 Rxf4 16. g3 Rf8 17. h4 Bf5 18. h5 Qe7 19. Bf3 gxh5 20. Qe2 b5 21. Rae1 b4 22. Nd1 Rae8 23. Qd2 Qd8 24. Re2 Bc8 25. Nxc5 Rxf3 26. Rxe8+ Qxe8 27. Re1 Qg6 28. Ne4 h4 0-1

[Event "IECC CL6-1999.12 "]
[Site "IECC email"]
[Date "1999.05.10"]
[Round "?"]
[White "Patterson, Stephen J"]
[Black "Kaczmarek, Michal"]
[Result "1-0"]
[WhiteElo "1367"]
[BlackElo "1199"]
[PlyCount "33"]
[EventDate "1999.??.??"]
[EventType "tourn (corr)"]
[EventRounds "4"]
[SourceTitle "Corr 2008"]
[Source "ChessBase"]
[SourceDate "2008.06.24"]
[SourceVersion "1"]
[SourceVersionDate "2008.06.24"]
[SourceQuality "1"]

1. c4 g6 2. d4 Bg7 3. Nc3 e6 4. e4 d6 5. Be2 Ne7 6. f4 0-0 7. Nf3 b6 8. 0-0 Bb7 9. Qe1 Nbc6 10. Be3 a6 11. Qh4 Nb4 12. Rac1 c5 13. a3 cxd4 14. Nxd4 Nec6 15. Qxd8 Rfxd8 16. Nf3 Ne7 17. axb4 1-0

[Event "IECC CL6-1999.09"]
[Site "IECC email"]
[Date "1999.04.05"]
[Round "?"]
[White "Lapena Bayo, Cosme"]
[Black "Patterson, Stephen J"]
[Result "1-0"]
[WhiteElo "1281"]
[BlackElo "1385"]
[PlyCount "71"]
[EventDate "1999.??.??"]
[EventType "tourn (corr)"]
[EventRounds "4"]
[SourceTitle "Corr 2008"]
[Source "ChessBase"]
[SourceDate "2008.06.24"]
[SourceVersion "1"]
[SourceVersionDate "2008.06.24"]
[SourceQuality "1"]

1. e4 c6 2. d4 d5 3. e5 Bf5 4. Nf3 e6 5. Be2 c5 6. Be3 cxd4 7. Bxd4 Bb4+ 8. c3 Be7 9. 0-0 Nc6 10. Be3 Qc7 11. Bb5 Bd8 12. Bc5 Be7 13. Bxc6+ Qxc6 14. Be3 Bd8 15. Nd4 Qd7 16. Na3 Ne7 17. Nab5 0-0 18. Nxa7 Bg6 19. Nab5 Ra5 20. Nd6 Nc6 21. Nb3 Nxe5 22. Nxa5 Bxa5 23. b4 Bd8 24. f4 Nc6 25. f5 exf5 26. Qxd5 Bc7 27. Bf4 Rd8 28. Rad1 Bh5 29. Rd2 g5 30. Bg3 Bg6 31. b5 Bb6+ 32. Bf2 Ne7 33. Qe5 Bxf2+ 34. Rfxf2 Kf8 35. Rfe2 h6 36. Nc4 1-0

[Event "IECC KO email"]
[Site "IECC email"]
[Date "1999.02.15"]
[Round "1"]
[White "Patterson, Stephen J"]
[Black "Van Eijk, Jelle H"]
[Result "1-0"]
[WhiteElo "1286"]
[BlackElo "1405"]
[PlyCount "29"]
[EventDate "1999.??.??"]
[EventType "tourn (corr)"]
[EventRounds "6"]
[SourceTitle "Corr 2008"]
[Source "ChessBase"]
[SourceDate "2008.06.24"]
[SourceVersion "1"]
[SourceVersionDate "2008.06.24"]
[SourceQuality "1"]

1. c4 e5 2. Nf3 d6 3. Nc3 f5 4. e4 Nf6 5. d3 Nc6 6. Qb3 Be7 7. Be2 0-0 8. 0-0 Rb8 9. Nd5 f4 10. Bd2 Bg4 11. Bc3 Bh5 12. Rfe1 h6 13. Nh4 g5 14. Nf5 Kh7 15. Nxf6+ 1-0

[Event "IECG WC.1999.F.00003 email"]
[Site "IECG email"]
[Date "1999.??.??"]
[Round "?"]
[White "Patterson, Stephen J"]
[Black "Heys, William Scott"]
[Result "0-1"]
[WhiteElo "1201"]
[BlackElo "1618"]
[PlyCount "76"]
[EventDate "1999.08.15"]
[EventType "tourn (corr)"]
[EventRounds "11"]
[SourceTitle "Corr 2008"]
[Source "ChessBase"]
[SourceDate "2008.06.24"]
[SourceVersion "1"]
[SourceVersionDate "2008.06.24"]
[SourceQuality "1"]

1. c4 Nf6 2. d4 e6 3. Nf3 b6 4. g3 Bb7 5. Bg2 Be7 6. 0-0 0-0 7. Nc3 Ne4 8. Nxe4 Bxe4 9. Nd2 Bxg2 10. Kxg2 d5 11. e4 dxe4 12. Nxe4 Nc6 13. d5 exd5 14. Qxd5 Qxd5 15. cxd5 Nb4 16. Nc3 Rfd8 17. Rd1 Bf6 18. Ne4 Nxd5 19. Nxf6+ Nxf6 20. Bg5 Kf8 21. Kf3 h6 22. Bxf6 gxf6 23. Kg4 Kg7 24. f4 Re8 25. Rd7 Re2 26. b3 Rae8 27. Rxc7 Rxh2 28. Rd1 h5+ 29. Kf5 Rxa2 30. b4 a5 31. Rdd7 Rf8 32. Ra7 Ra3 33. bxa5 bxa5 34. Rd6 Rxg3 35. Rxa5 h4 36. Rxf6 h3 37. Ra1 h2 38. Rh1 Rh8 0-1

[Event "IECG WC.1999.F.00003 email"]
[Site "IECG email"]
[Date "1999.??.??"]
[Round "?"]
[White "Patterson, Stephen J"]
[Black "Stanley, Douglas L"]
[Result "1/2-1/2"]
[WhiteElo "1201"]
[BlackElo "1553"]
[PlyCount "68"]
[EventDate "1999.08.15"]
[EventType "tourn (corr)"]
[EventRounds "11"]
[SourceTitle "Corr 2008"]
[Source "ChessBase"]
[SourceDate "2008.06.24"]
[SourceVersion "1"]
[SourceVersionDate "2008.06.24"]
[SourceQuality "1"]

1. c4 e5 2. Nc3 Nc6 3. a3 Nf6 4. Nf3 d5 5. cxd5 Nxd5 6. e4 Nxc3 7. bxc3 Qf6 8. Bb2 Bg4 9. Be2 Bc5 10. h3 Bxf3 11. Bxf3 0-0-0 12. 0-0 Rd6 13. Qe2 Rhd8 14. Rfd1 Rd3 15. a4 Qf4 16. Bc1 Na5 17. Bg4+ Kb8 18. Bf3 c6 19. Ra2 Nb3 20. a5 Nxc1 21. Rxc1 Rxd2 22. Rxd2 Rxd2 23. Qc4 Bxf2+ 24. Kh1 Kc7 25. Rb1 b5 26. Qb4 Qf6 27. Rc1 Be3 28. Rf1 Rf2 29. Rxf2 Bxf2 30. c4 a6 31. Qb3 Kb8 32. cxb5 cxb5 33. Qc3 Bd4 34. Qd2 Qe7 1/2-1/2

[Event "IECG CP.1998.P.00059"]
[Site "IECG email"]
[Date "1998.10.01"]
[Round "?"]
[White "Ching, Kim Lye"]
[Black "Patterson, Stephen J"]
[Result "1-0"]
[WhiteElo "800"]
[BlackElo "1150"]
[PlyCount "55"]
[EventDate "1998.10.01"]
[EventType "tourn (corr)"]
[EventRounds "6"]
[EventCountry "MAS"]
[SourceTitle "Corr 2008"]
[Source "ChessBase"]
[SourceDate "2008.06.24"]
[SourceVersion "1"]
[SourceVersionDate "2008.06.24"]
[SourceQuality "1"]

1. e4 c6 2. d4 d5 3. Nc3 g6 4. h3 Bg7 5. Nf3 dxe4 6. Nxe4 Bf5 7. Ng3 Bc8 8. Bc4 Nh6 9. 0-0 Nf5 10. c3 0-0 11. Qe2 Qc7 12. Bg5 Re8 13. Rae1 Nxg3 14. fxg3 b5 15. Bb3 e6 16. Ne5 Rf8 17. Bf6 Nd7 18. Bxg7 Kxg7 19. Rxf7+ Rxf7 20. Nxf7 Qxg3 21. Rf1 Nf8 22. Rf3 Qc7 23. Qf2 Ba6 24. Ng5 Qd8 25. Rf7+ Kg8 26. Nxe6 Nxe6 27. Bxe6 Kh8 28. Qf4 1-0

[Event "IECG CP.1998.P.00059"]
[Site "IECG email"]
[Date "1998.10.01"]
[Round "?"]
[White "Patterson, Stephen J"]
[Black "Planchat, Christophe"]
[Result "0-1"]
[WhiteElo "1150"]
[BlackElo "1699"]
[PlyCount "46"]
[EventDate "1998.10.01"]
[EventType "tourn (corr)"]
[EventRounds "6"]
[EventCountry "MAS"]
[SourceTitle "Corr 2008"]
[Source "ChessBase"]
[SourceDate "2008.06.24"]
[SourceVersion "1"]
[SourceVersionDate "2008.06.24"]
[SourceQuality "1"]

1. c4 Nf6 2. d4 d5 3. Nc3 c6 4. Nf3 e6 5. Bg5 h6 6. Bh4 dxc4 7. e3 b5 8. Be2 Bb7 9. 0-0 Nbd7 10. a4 a6 11. e4 g5 12. Bg3 b4 13. Na2 Nxe4 14. Bxc4 Nxg3 15. fxg3 c5 16. Rc1 Nb6 17. Ne5 Nxc4 18. Rxc4 Qd5 19. Qe2 Bg7 20. Nxf7 Bxd4+ 21. Kh1 0-0 22. Nxh6+ Kg7 23. Rxf8 Rxf8 0-1